[Event "ICS rated bullet match"]
[Site "204.178.125.65"]
[Date "1999.11.19"]
[Round "?"]
[White "pete"]
[Black "Hossa"]
[Result "0-1"]
[WhiteElo "1172"]
[BlackElo "2468"]
[Annotator "Hiarcs 7.32 (22s)"]
[PlyCount "54"]
[EventDate "1999.??.??"]

1. d4 1... d5 {Opening = D00 -(2.Nc3 Nf6 3.---)} 2. g3 Nf6 3. Bg2 Bf5 4. Nf3 (
4. c4 c6 5. Qb3 Qb6 6. Nc3 e6 7. Nf3 Be7 8. c5 Qxb3 9. axb3 Nbd7 10. b4 Ne4 11.
b5 O-O 12. bxc6 bxc6 13. Ra6 Rfc8 14. O-O e5 15. Be3 Bf6 16. Rfa1 exd4 17. Bxd4
Nexc5 18. Rxa7 18... Rxa7 {Pfleger,H-Goehring,K/BL 8182 1982/BL 80/1-0 (43)})
4... Nbd7 $146 (4... h6 5. c4 (5. O-O c6 6. e3 e6 7. Nc3 Be7 8. Qe2 O-O 9. Ne1
Bh7 10. e4 dxe4 11. Nxe4 Qxd4 12. Nxf6+ Bxf6 13. c3 Qd6 14. Bf4 Qe7 15. Nc2 Rd8
16. Rfd1 Na6 17. Be4 Bxe4 18. Qxe4 Nc5 19. Qe3 19... e5 {
Taraf,N-Risch,M/WchJW-U16 Szeged 1994/TD 94\01/0-1 (46)}) 5... e6 6. Qb3 Nc6 7.
Qxb7 Nb4 8. Na3 {1/2-1/2 Jordan,W-Windt,A/RLNN 1989/BIG 80 (8)}) 5. Nbd2 e6 6.
O-O Bd6 7. b3 O-O 8. Bb2 8... c5 $11 (8... c6 9. Nh4 $15) 9. c4 Rc8 10. cxd5
exd5 11. dxc5 Nxc5 12. a3 Qe7 13. b4 Nce4 14. Nxe4 Bxe4 15. Rc1 a5 16. bxa5
Bxa3 17. Rxc8 Rxc8 18. Bxa3 Qxa3 19. Nd2 $17 (19. Qa1 $5 $142 {
damit waere Weiss im Spiel geblieben} 19... Qc5 20. Nd4 $14) 19... Bxg2 20.
Kxg2 Qxa5 21. Re1 (21. Nb3 21... Qc7 $17) 21... Qa2 (21... b5 22. Nf3 $17) 22.
e4 $4 $19 {fuehrt zu weiterem Ungemach} (22. Nb3 $17 $142) 22... Rc2 23. Re2
Nxe4 24. Nxe4 (24. Rxe4 {ist der letzte Rettungsanker} 24... dxe4 25. Nxe4 $19)
24... Rxe2 25. Nc3 (25. Qc1 {wuerde die Partie noch etwas verlaengern} 25...
Qc2 26. Qxc2 Rxc2 27. Nd6 $19) 25... Rxf2+ 26. Kh1 Rxh2+ 27. Kg1 Qf2# 0-1

[Event "ICS rated bullet match"]
[Site "204.178.125.65"]
[Date "1999.11.19"]
[Round "?"]
[White "Hossa"]
[Black "pete"]
[Result "1-0"]
[WhiteElo "2468"]
[BlackElo "1172"]
[Annotator "Hiarcs 7.32 (22s)"]
[PlyCount "21"]
[EventDate "1999.??.??"]

1. e4 1... e5 {Opening = C73 - 5.Bc6 bc6 6.d4} 2. Nf3 Nc6 3. Bb5 d6 4. d4 a6 5.
Bxc6+ bxc6 6. dxe5 6... Bg4 $146 (6... Qe7 7. Bg5 f6 8. Bd2 dxe5 9. O-O Bb7 10.
Re1 O-O-O 11. Qe2 Nh6 12. h3 g6 13. Be3 Qb4 14. c4 c5 15. Nc3 Nf7 16. a3 Qb6
17. Qc2 Nd6 18. b3 Bc6 19. Nd5 Bxd5 20. cxd5 20... Nb5 {
1/2-1/2 Da Luz,M-Orosso,R/Novi Sad 1990/EXT 90 (20)}) (6... g6 7. Bg5 Ne7 8.
Bf6 Rg8 9. O-O Bb7 10. Nc3 Qd7 11. exd6 cxd6 12. Re1 O-O-O 13. Na4 Qe6 14. Bh4
Re8 15. c4 Bg7 16. Rb1 h6 17. b4 Qxc4 18. Nb6+ Kc7 19. Nxc4 f5 20. Bxe7 Rxe7
21. Qxd6+ Kc8 22. Nb6# {
1-0 Geofroy,M-Warlick,D/Thessaloniki olw 1984/BIG 80 (22)}) 7. Bf4 7... Bxf3
$18 (7... Rb8 $5 8. b3 f6 9. exd6 9... Bxd6 $16) 8. Qxf3 dxe5 9. Bxe5 9... Bd6
$4 {schlecht aber verstaendlich} (9... Qg5 10. Bf4 10... Qb5 $18) 10. Bxg7 Bb4+
(10... Be5 {aendert nichts am Ausgang der Partie} 11. Bxe5 f6 12. Bc3 $18) 11.
c3 (11. c3 Qg5 12. Bxh8 Qc1+ 13. Qd1 Qxb2 14. cxb4 Qxh8 15. Nd2 $18) (11. Nc3 {
waere im Gewinnsinne praeziser} 11... Qg5 12. Bxh8 12... f6 $18) 1-0

[Event "ICS rated blitz match"]
[Site "204.178.125.65"]
[Date "1999.11.19"]
[Round "?"]
[White "Hossa"]
[Black "prg3"]
[Result "1-0"]
[WhiteElo "2311"]
[BlackElo "2118"]
[Annotator "Hiarcs 7.32 (22s)"]
[PlyCount "127"]
[EventDate "1999.??.??"]

1. e4 1... e5 {Opening = C77 - 4.Ba4 Nf6 5.---} 2. Nf3 Nc6 3. Bb5 a6 4. Ba4 Nf6
5. Qe2 b5 6. Bb3 d6 7. Nc3 $146 (7. a4 Bg4 (7... Rb8 8. axb5 axb5 9. c3 Bg4 10.
d3 Be7 11. Nbd2 O-O 12. h3 Bd7 13. d4 Ra8 14. Rxa8 Qxa8 15. O-O Qb8 16. Rd1 h6
17. Nf1 Re8 18. dxe5 dxe5 19. Ne3 Bd6 20. Nh4 Na5 21. Bc2 Be6 22. Nhf5 Bf8 23.
Qf3 Nh7 24. Qg3 g6 25. Ng4 h5 26. Nxe5 Bxf5 27. exf5 h4 28. fxg6 hxg3 29. gxh7+
{1-0 Skripchenko,A-Wiehagen,J/Dortmund op 1995/EXP 48 (29)}) 8. c3 Na5 9. Bc2
b4 10. d4 c5 11. dxe5 dxe5 12. h3 Bxf3 13. Qxf3 Qc7 14. Bg5 Nd7 15. Nd2 c4 16.
O-O b3 17. Bd1 Bc5 18. Be2 Nb6 19. Qg3 f6 20. Bh5+ Kf8 21. Nf3 Be7 22. Be3 g6
23. Bxg6 hxg6 24. Qxg6 Nc8 25. Bh6+ Rxh6 26. Qxh6+ Kf7 27. Qh7+ Ke6 28. Qg8+
Kd7 29. Qd5+ {
1-0 Gurgenidze,B-Sokolov,I/Palma de Mallorca GMA 1989/TD 89\13 (29)}) (7. c3
Bg4 8. O-O Be7 9. Rd1 O-O 10. d3 h6 11. Nbd2 Nh7 12. h3 Bh5 13. Nf1 Ng5 14.
Bxg5 Bxg5 15. Ng3 Bxf3 16. Qxf3 Ne7 17. d4 Ng6 18. Nf5 Qf6 19. g3 Qd8 20. Qh5
Nh8 21. h4 21... Bf6 {
Paehtz,E-Gu Xiaobing/WchJW-U10 St.Lorenzo 1995/JUN 95/1-0 (37)}) 7... Be7 (7...
Bg4 8. d3 $11) 8. a4 $15 (8. d3 8... Bg4 $11) 8... b4 $16 (8... Bg4 $5 $142 {
sieht noch spielbar aus} 9. axb5 9... Nd4 $11) 9. Qc4 {Es droht Matt} 9... O-O
10. Qxc6 Bd7 11. Qc4 bxc3 12. bxc3 $14 (12. dxc3 Be6 13. Qd3 Bxb3 14. cxb3
14... Qb8 $14) 12... Bg4 13. d3 Bxf3 14. gxf3 {Ueberdeckt g4} 14... Nh5 15. Rg1
Bf6 16. d4 Qe7 17. Be3 Kh8 (17... Qd7 18. a5 $16) 18. Qc6 a5 19. Rg2 $16 (19.
Bd5 19... Rab8 $18) 19... h6 20. Qb5 (20. O-O-O 20... Rab8 $16) 20... Rfb8 21.
Qd5 Rf8 22. Rg4 $14 (22. Qb5 $5 $16) 22... Kh7 $16 (22... Bg5 $5 {
sieht spielbar aus} 23. Qc6 Bxe3 24. fxe3 exd4 25. cxd4 25... f5 $11) 23. Qb5
Rfb8 24. Qc4 Rf8 25. Qc6 25... Kh8 $16 (25... Bg5 $5 $14) 26. Qb7 $14 (26. Ke2
$5 $16 $142) 26... Rfb8 $16 (26... Bg5 $5 $14 {bedarf naeherer Analyse}) 27.
Qd5 Rf8 28. Qb5 Rfb8 29. Qc4 Rf8 30. Qf1 $14 (30. Rd1 30... Bg5 $16) 30... Kh7
$16 (30... Bg5 31. Bd5 Rab8 32. Bxg5 hxg5 33. Qh3 $11) 31. Qh3 g6 32. Bc4 Rab8
33. Bb5 33... Ra8 $16 (33... Bg5 34. Bxg5 hxg5 35. Rg1 $11) 34. Bc6 Rab8 35.
Rg2 $14 (35. Qg2 Rb2 36. O-O-O 36... Rfb8 $11) 35... Rb6 36. Qd7 Qxd7 37. Bxd7
Rb2 38. O-O-O Rfb8 39. Bb5 39... R2xb5 $18 (39... Ra2 $5 $16) 40. axb5 Rxb5 41.
Kd2 Rb8 (41... a4 $5 $18) 42. Ra1 {Weiss erlangt Initiative} 42... Ra8 43. Ra4
Ng7 (43... Be7 44. Rg1 f5 45. Kd3 $18) 44. Rg1 Bd8 45. f4 f6 (45... exf4 46.
Bxf4 f5 47. f3 $18) 46. Rb1 (46. fxe5 $5 $142 {ist genauer} 46... fxe5 47. Rb1
exd4 48. cxd4 48... g5 $18) 46... c6 $2 (46... exf4 47. Bxf4 47... f5 $18) 47.
fxe5 fxe5 (47... dxe5 {macht keinen grossen Unterschied} 48. Rb7 $18) 48. f4 (
48. Rb7 $5 {erleichterte Weiss die Gewinnfuehrung} 48... Bf6 $18) 48... exd4 (
48... exf4 {aendert nichts am Ausgang der Partie} 49. Bxf4 Bc7 50. Rb7 $18) 49.
cxd4 Ne6 (49... Kg8 {holt die Kuh nicht vom Eis} 50. Kd3 $18) 50. Rb7+ Kg8 51.
Rd7 $1 {entscheidend} 51... c5 (51... d5 {
koennte noch eine geringe Chance darstellen} 52. exd5 cxd5 53. Rxd5 53... Ng7
$18) 52. d5 Nd4 53. Bxd4 (53. Rxd6 $5 $142 {
damit wuerde Weiss es sich noch erleichtern} 53... Kg7 54. Bxd4+ cxd4 55. Rd7+
55... Kf8 $18) 53... cxd4 54. Rxd6 Kf7 55. Rxd4 (55. Rd7+ $5 {
gibt noch groesseren Vorteil} 55... Kg8 56. Kd3 g5 57. fxg5 Bxg5 58. Kxd4 58...
Bf4 $18) 55... a4 (55... g5 {hilft allerdings auch nicht} 56. f5 Bf6 57. Rc4
$18) 56. Rxd8 Rxd8 57. Rxa4 Rd7 58. c4 g5 (58... Rc7 {
kann das Vorangegangene nicht ungeschehen machen} 59. Ke3 $18) 59. f5 Kf6 (
59... Rb7 {aendert den traurigen Lauf der Dinge nicht} 60. Kc3 $18) 60. Ke3 (
60. Ra6+ $5 {ginge schneller} 60... Kg7 $18) 60... Ke5 (60... Rb7 {
der letzte Widerstandsversuch} 61. Ra6+ 61... Kg7 $18) 61. Ra6 $1 {
nun ist alles klar. Droht Matt: Re6} 61... Re7 62. f6 $1 {macht alles klar}
62... Re8 63. f7 Rf8 (63... Re7 {nuetzt auch nichts mehr} 64. f8=Q Rc7 65. Qf6#
) 64. Re6# 1-0

[Event "ICS rated blitz match"]
[Site "204.178.125.65"]
[Date "1999.11.19"]
[Round "?"]
[White "prg3"]
[Black "Hossa"]
[Result "1-0"]
[WhiteElo "2110"]
[BlackElo "2319"]
[PlyCount "115"]
[EventDate "1999.??.??"]

1. d4 d5 2. c4 dxc4 3. e3 b5 4. a4 e5 5. axb5 Bb7 6. dxe5 Qxd1+ 7. Kxd1 Nd7 8.
f4 Bc5 9. Nf3 Ne7 10. Bxc4 Nb6 11. b3 Nxc4 12. bxc4 c6 13. Nc3 Rd8+ 14. Ke2
cxb5 15. Nxb5 Nf5 16. Rf1 Be4 17. Nfd4 Bxd4 18. exd4 Nxd4+ 19. Nxd4 Rxd4 20.
Rxa7 Rxc4 21. Ba3 Rc3 22. Rd1 Rxa3 23. Rxa3 O-O 24. g3 Bf5 25. Rda1 Be4 26. Ke3
Bf5 27. Ra8 g6 28. Kf3 h5 29. Rxf8+ Kxf8 30. Ra6 Ke7 31. Rf6 Be6 32. Kg2 Kd7
33. h3 Ke8 34. Rxe6+ fxe6 35. Kf3 Ke7 36. Ke4 Ke8 37. Kd4 Kd7 38. Kc5 Kc7 39.
g4 hxg4 40. hxg4 Kd7 41. Kb6 Kd8 42. Kc6 Ke7 43. Kc7 Ke8 44. Kd6 Kd8 45. Kxe6
Kc7 46. Kf7 Kb7 47. e6 Kc6 48. e7 Kc5 49. e8=Q Kd4 50. Kxg6 Kc4 51. Qd7 Kb3 52.
Qc6 Ka2 53. Qb5 Ka3 54. f5 Ka2 55. f6 Ka3 56. f7 Ka2 57. f8=Q Ka1 58. Qa8# {
Hossa checkmated} 1-0

[Event "ICS rated standard match"]
[Site "204.178.125.65"]
[Date "1999.11.19"]
[Round "?"]
[White "Hossa"]
[Black "lambChop"]
[Result "1-0"]
[WhiteElo "2317"]
[BlackElo "2224"]
[Annotator "Hiarcs 7.32 (22s)"]
[PlyCount "195"]
[EventDate "1999.??.??"]

1. e4 1... e5 {Opening = C86 - 6.Qe2} 2. Nf3 Nc6 3. Bb5 a6 4. Ba4 Nf6 5. Qe2
Be7 6. O-O b5 7. Bb3 O-O 8. c3 8... Bc5 $14 (8... Bb7 $5 $11 9. d4 exd4 (9...
Na5 10. Bc2 exd4 11. cxd4 d5 12. e5 Ne4 13. Ne1 c5 14. f3 Ng5 15. Bxg5 Bxg5 16.
dxc5 Nc4 17. f4 Be7 18. Nd3 Qc7 19. Qf2 Nxb2 20. Kh1 Nxd3 21. Bxd3 Qxc5 22. Qg3
Qd4 23. Nc3 Rfc8 24. Ne2 Qb6 25. f5 25... f6 {
1/2-1/2 Baron,J-Njirjak,J/WchJM-U14 Bratislava 1993/TD 93\05 (25)}) 10. cxd4 d5
11. e5 Ne4 12. Nc3 Na5 13. Bc2 f5 14. exf6 Bxf6 15. Bf4 Nc4 16. Nxe4 dxe4 17.
Bxe4 Re8 18. Be5 Bxe4 19. Qxe4 Nxb2 20. Qc6 Bxe5 21. dxe5 Qe7 22. Rfe1 Nc4 23.
a4 {Smirin,I-Zoler,D/ISR-ch 1992/TD 92\10/1-0 (41)}) 9. d4 9... exd4 $16 (9...
Bd6 $5 $14 {sieht spielbar aus}) 10. e5 Re8 11. Qd3 11... Nxe5 $18 (11... Ng4
12. Ng5 Kf8 13. Qxh7 Ncxe5 14. Qh8+ Ke7 15. Qxg7 $11) 12. Nxe5 Rxe5 13. cxd4
13... Bxd4 {
fuer Schwarz fuehrt kein Weg daran vorbei, das Material zurueckzugeben} 14.
Qxd4 d6 15. Bf4 Re4 16. Qd2 Re8 17. Bg5 Be6 18. Qc3 Bxb3 19. Bxf6 Qxf6 20. Qxf6
$1 {logisch und kraftvoll} 20... gxf6 21. axb3 c6 22. Rc1 Re6 (22... Kg7 23. f4
$18) 23. Na3 d5 24. Nc2 c5 25. b4 c4 26. Nd4 Ree8 27. Re1 Re5 28. Re3 Kf8 (
28... h6 29. Kf1 $18) 29. Kf1 Rh5 (29... h6 {waere gleichermassen fruchtlos}
30. Rea3 Re4 31. Nxb5 $18) 30. h3 Re5 31. Rea3 Re4 32. Nxb5 $1 {
und der Wal spuckt Jonas wieder aus} 32... Rb8 33. Nd6 $1 {glaenzend gespielt}
33... Re6 (33... Rd4 {aendert nichts mehr} 34. Rxa6 Rd2 35. Ra7 $18) 34. Rxa6
Rxb4 35. Ra8+ Kg7 36. Nf5+ Kg6 37. Ne3 (37. Nd4 {ginge schneller} 37... Kh5 $18
) 37... Re5 (37... Kg7 {hilft allerdings auch nicht} 38. R1a2 Re5 39. g4 $18)
38. R1a2 (38. Rg8+ $5 {ist genauer} 38... Kh5 39. Ra6 Rg5 40. g4+ Kh6 41. Nf5+
Rxf5 42. gxf5 Kh5 43. Rxf6 43... Rb7 $18) 38... h6 (38... Rb3 {
nuetzt auch nichts mehr} 39. Rd8 Rb5 40. Rg8+ Kh5 41. Nf5 Rxf5 42. g4+ Kh4 43.
gxf5 $18) 39. Rg8+ Kh7 40. Rd8 Rb5 41. Nd1 Rc5 42. Nc3 Kg6 43. Ra7 Kg7 44. Rad7
44... Ra5 {Mit der Mattdrohung Ra1} 45. Rxd5 Ra6 46. R5d6 Re8 (46... Ra1+ {
hilft auch nicht mehr} 47. Rd1 Ra6 48. Rc8 $18) 47. Rxe8 Rxd6 48. Re4 (48. Re2
{damit wuerde Weiss es sich noch erleichtern} 48... Kg6 $18) 48... Rd2 (48...
Rb6 {aendert den traurigen Lauf der Dinge nicht} 49. Re2 $18) 49. Re2 $1 {
triumphiert} 49... Rd6 50. g3 (50. Rc2 $5 $142 {laesst dem Gegner kaum Chancen}
50... f5 $18) 50... f5 51. f3 h5 (51... f4 {macht keinen grossen Unterschied}
52. gxf4 Rd3 53. Kf2 $18) 52. Rc2 f4 53. gxf4 Kg6 54. Ne4 Rd4 (54... Rb6 {
holt die Kuh nicht vom Eis} 55. Kf2 $18) 55. Rg2+ Kf5 56. Ng3+ Ke6 57. Nxh5 {
Der Freibauer h3 koennte gefaehrlich werden} 57... Rd1+ 58. Kf2 Rd3 59. h4 Ke7
(59... Rb3 {hilft allerdings auch nicht} 60. Kg3 $18) 60. Kg3 f5 61. Re2+ Kf7
62. Kf2 Rb3 (62... Rd4 {aendert nichts am Ausgang der Partie} 63. Ng3 Rxf4 64.
Ke3 Rxh4 65. Nxf5 $18) 63. Ng3 Kf6 64. Nf1 Rb8 65. Ne3 Rh8 66. Kg3 Rg8+ 67. Kh3
Rb8 68. Nxc4 Rb3 (68... Rb4 {nuetzt auch nichts mehr} 69. Ne3 Kf7 70. h5 $18)
69. Ne5 $1 {zwingend und schoen} 69... Rb4 70. Kg3 Rb7 (70... Rb5 {
holt die Kuh nicht vom Eis} 71. h5 $1 {nun ist alles klar} 71... Rb7 72. Kh4
$18) 71. h5 Rg7+ 72. Kh3 Rb7 (72... Rg1 {macht keinen grossen Unterschied} 73.
Kh2 Rc1 74. Rg2 $18) 73. Rg2 $1 {die Entscheidung} 73... Ke6 74. Kh4 $1 {
das wars} 74... Rh7 75. Kg5 $1 {kraeftig gespielt} 75... Rg7+ 76. Ng6 Kd5 77.
Kxf5 Rf7+ 78. Kg5 Kd4 79. Rh2 Rh7 80. h6 $1 {die Pointe} 80... Kd3 81. Nf8 $1 {
das war die Absicht} 81... Rh8 82. h7 Rxf8 83. h8=Q {Es droht Matt} 83... Rxh8
84. Rxh8 Kc2 85. Kf5 (85. b4 $5 {waere im Gewinnsinne praeziser} 85... Kc3 86.
b5 86... Kd4 $18) 85... Kxb2 86. Rb8+ Kc1 87. Rb2 {Droht Matt: Ke4} 87... Kxb2
88. Ke5 Kc3 (88... Kc2 {kann das Vorangegangene nicht ungeschehen machen} 89.
f5 Kd2 90. f6 Ke2 91. f7 Kxf3 92. f8=Q+ Ke3 93. Qd8 Kf3 94. Qd3+ Kf2 95. Kf4
Kg2 96. Qd2+ Kg1 97. Kf3 Kh1 98. Qg2#) 89. f5 Kd3 90. f6 Ke3 91. f7 Ke2 (91...
Kxf3 {aendert nichts mehr} 92. f8=Q+ Ke3 93. Qd8 Kf3 94. Qd3+ Kf2 95. Kf4 Kg2
96. Qd2+ Kg1 97. Kf3 Kh1 98. Qg2#) 92. f8=Q Kd3 (92... Ke3 {
waere gleichermassen fruchtlos} 93. Qd8 Kxf3 94. Qd3+ Kf2 95. Kf4 Kg2 96. Qd2+
Kg1 97. Kf3 Kh1 98. Qg2#) 93. Qc5 Ke2 (93... Kd2 {
aendert den traurigen Lauf der Dinge nicht} 94. Ke4 Ke2 95. Qe5 Kf2 96. Qh2+
Kf1 97. Ke3 Ke1 98. Qe2#) 94. Ke4 Kf1 (94... Kd2 {hilft auch nicht mehr} 95. f4
Ke2 96. Qc2+ Ke1 97. Ke3 Kf1 98. Qf2#) 95. Qc2 Kg1 96. f4 Kh1 97. Kf3 Kg1 98.
Qg2# 1-0

[Event "ICS rated standard match"]
[Site "204.178.125.65"]
[Date "1999.11.20"]
[Round "?"]
[White "Hossa"]
[Black "netpi"]
[Result "1-0"]
[WhiteElo "2329"]
[BlackElo "2485"]
[Annotator "Hiarcs 7.32 (22s)"]
[PlyCount "165"]
[EventDate "1999.??.??"]

1. e4 1... e5 {Opening = C70 - 4.Ba4 ---} 2. Nf3 Nc6 3. Bb5 a6 4. Ba4 b5 5. Bb3
d6 6. d4 Bg4 (6... Nxd4 7. Bd5 c6 8. Nxd4 cxd5 9. Nc6 Qb6 10. exd5 Bb7 11. Be3
Qc7 12. Nc3 Bxc6 13. dxc6 Qxc6 14. O-O Be7 15. Nd5 h6 16. f4 Nf6 17. Nxe7 Kxe7
18. fxe5 dxe5 19. Qe2 Rae8 20. Rae1 Kf8 21. Qf2 {
Tarachowicz,A-Kiss,J/EU-chJW U12 Szombathely 1993/TD 93\05/1-0 (74)}) 7. h3
$146 (7. c3 Nf6 8. Be3 Na5 9. Bc2 Nc4 10. b3 Nxe3 11. fxe3 Qe7 12. O-O g6 13.
a4 Rb8 14. h3 Bc8 15. b4 Bh6 16. Qe1 O-O 17. Nbd2 Bb7 18. axb5 axb5 19. g4 Nd7
20. Qf2 c5 21. Nb3 21... cxb4 {
Schmidt,W-Prins,L/Hamburg 1955/MCL 01/1/2-1/2 (44)}) 7... Bxf3 8. Qxf3 {
Droht Matt} 8... Nf6 9. dxe5 dxe5 10. Qg3 $11 (10. c3 10... Na5 $14) 10... Qd7
11. Nd2 O-O-O 12. O-O 12... h5 $14 (12... Nh5 $5 13. Qh2 13... Nf4 $14) 13. a4
Nd4 14. Re1 14... Bb4 $16 (14... h4 15. Qc3 b4 16. Qc4 $16) 15. c3 Nxb3 16.
Nxb3 Qd1 17. Rxd1 Rxd1+ 18. Kh2 Ng4+ 19. Qxg4+ $1 {
nicht am Material kleben ist die Devise} 19... hxg4 20. cxb4 20... bxa4 $18 (
20... Rh5 21. Nc5 bxa4 22. Nxa4 gxh3 23. gxh3 $16) 21. Rxa4 gxh3 22. Rxa6 hxg2+
23. Kxg2 Rhh1 24. Be3 Kd8 25. f3 $16 (25. Kf3 25... Ke7 $18) 25... Rhe1 26.
Ra8+ Kd7 27. Nc5+ Ke7 28. Kf2 Rf1+ 29. Kg3 Rfe1 30. Bf2 Re2 31. Nb7 $4 $19 {
danach wendet sich das Blatt} (31. Ra3 $16 $142) 31... Rdd2 $1 {
das war die Absicht} 32. Bc5+ $4 {der starke Druck provoziert weitere Fehler} (
32. Ra5 32... f6 $1 {macht alles klar} 33. Bc5+ Kf7 34. Nd8+ Rxd8 35. Ra1 $19)
32... Kf6 {Droht Matt} 33. Ra6+ (33. f4 {macht keinen grossen Unterschied}
33... Rd3+ 34. Kg4 Rg2+ 35. Kh4 exf4 36. Ra6+ 36... Ke5 $19) 33... Kg5 34. Be3+
{ob er will oder nicht, Weiss muss Material hergeben} 34... Rxe3 {Es droht Matt
} 35. Ra5 f6 36. Ra1 36... f5 $1 {das wars. Droht Matt: f4} 37. exf5 37... e4
$1 {Boing!. Es droht Matt} 38. Ra3 38... Rdd3 $1 {die Entscheidung} 39. Nc5 (
39. f6 Rxf3+ 40. Kg2 Rd2+ 41. Kg1 41... e3 $19) 39... Rxf3+ 40. Kg2 Rd2+ 41.
Kg1 Kxf5 42. Ra5 Rg3+ 43. Kf1 (43. Kh1 {
aendert den traurigen Lauf der Dinge nicht} 43... Rd1+ 44. Kh2 44... Rdg1 $19)
43... Kf4 {Droht Matt} 44. Ke1 (44. Nxe4 {
ist vielleicht noch ein Schwindelversuch} 44... Kxe4 45. Rc5 $19) 44... e3 $1 {
entscheidend. Mit der Mattdrohung Rg1} 45. Ne6+ Ke4 46. Rg5 46... Rh3 $1 {
ist die Ueberraschung!. Es droht Matt} 47. Nc5+ Kf3 48. Rf5+ 48... Kg4 {
Droht Matt} 49. Rf7 Rh1+ 50. Rf1 50... Rg1 $18 (50... Rhh2 51. Rg1+ Kf3 52.
Rf1+ Rdf2 53. Rxf2+ exf2+ 54. Kd2 f1=Q+ 55. Kc3 Qc1+ 56. Kd4 Rd2+ 57. Nd3 Qc6
58. b5 Qe4+ 59. Kc3 Rxd3+ 60. Kc2 Qc4+ 61. Kb1 Rd1#) 51. Rxg1+ Kf3 52. Rxg7 (
52. Rf1+ $5 52... Kg4 53. b3 53... g5 $18) 52... Re2+ 53. Kd1 Rxb2 54. Rf7+
54... Kg3 $2 (54... Kg2 $142 55. Rf4 55... Rf2 $18) 55. Na6 Rd2+ 56. Ke1 c6 57.
Rc7 Rb2 58. Rxc6 {Der Freibauer b4 wird eine wichtige Rolle spielen} 58... Kf4
59. Nc7 Ke4 60. b5 $4 $11 {ein schwacher Zug, der den Gewinn vergibt} (60. Re6+
$142 {und Weiss ist direkt am Ziel} 60... Kf5 61. Rb6 $18) 60... Rb1+ 61. Ke2
Rb2+ 62. Kd1 Rd2+ 63. Ke1 Rb2 64. b6 Rb1+ 65. Ke2 Rb2+ 66. Kd1 Rd2+ (66... e2+
{kann das Vorangegangene nicht ungeschehen machen} 67. Ke1 Kf3 68. Rf6+ Ke3 69.
Nd5+ Kd4 70. Rd6 $18) 67. Kc1 $1 {huebsch} 67... Rd8 (67... Rd4 {
kann das Vorangegangene nicht ungeschehen machen} 68. Re6+ Kf3 69. Nb5 Rc4+ 70.
Kd1 $18) 68. Re6+ Kf3 69. Nb5 $1 {ganz unerschrocken} 69... Ke2 70. Nd6 $1 {
macht alles klar} 70... Kf2 (70... Kd3 $18 {ist noch eine duenne Chance}) 71.
b7 Rb8 (71... e2 $18 {ist noch eine Idee}) 72. Kc2 e2 73. Kd2 Rd8 74. Rxe2+ Kf1
75. Re8 {Droht Matt} 75... Rxd6+ 76. Ke3 Rb6 77. b8=Q Rxb8 (77... Rf6 {
aendert nichts am Ausgang der Partie} 78. Qf4+ $1 {ein boeses Schach} 78... Kg2
79. Qxf6 Kh2 80. Qg6 Kh3 81. Rh8#) 78. Rxb8 Kg2 79. Rg8+ Kh3 80. Kf4 Kh2 81.
Kf3 Kh1 82. Kf2 Kh2 83. Rh8# 1-0

[Event "ICS rated standard match"]
[Site "204.178.125.65"]
[Date "1999.11.20"]
[Round "?"]
[White "robbok1"]
[Black "Hossa"]
[Result "1-0"]
[WhiteElo "2501"]
[BlackElo "2352"]
[Annotator "Hiarcs 7.32 (22s)"]
[PlyCount "71"]
[EventDate "1999.??.??"]

1. e4 1... e5 {Opening = C45 - 3.d4 ed4 4.Nd4} 2. Nf3 Nc6 3. d4 exd4 4. Nxd4
Nf6 5. Nxc6 bxc6 6. e5 Qe7 7. Qe2 Nd5 8. c4 Nb6 9. Nd2 Qe6 10. b3 10... Bc5
$146 (10... Bb4 11. Bb2 O-O 12. O-O-O (12. a3 Bxd2+ 13. Qxd2 f6 14. Bd3 fxe5
15. O-O d6 16. Rae1 (16. f4 Qh6 17. Be4 Rb8 18. Bxc6 Rxf4 19. Rxf4 Qxf4 20.
Qxf4 exf4 21. Re1 Bd7 22. Bxd7 Nxd7 23. Re7 Ne5 24. Bxe5 Kf8 25. Bxd6 cxd6 26.
Rxa7 Rxb3 27. Rd7 27... Rxa3 {
1/2-1/2 Goergens,A-Deppe,A/NRW-I 1992/TD 92\01 (27)}) 16... Bb7 17. Qg5 Qf6 18.
Qg3 Qf4 19. Qh3 h6 20. Re4 Qg5 21. Qe6+ Kh8 22. f4 exf4 23. h4 Qh5 24. Rexf4
Rxf4 25. Rxf4 Re8 26. g4 Qc5+ 27. Kh2 {
1-0 Ahn,M-Vanderstricht,G/BEL-chB 1992/TD 92\10 (27)}) 12... d5 13. exd6 Qxd6
14. Qe5 Qh6 15. Bd3 Be6 16. g4 Nd7 17. Qe3 Qxe3 18. fxe3 Nc5 19. Bc2 Rfd8 20.
a3 Bxd2+ 21. Rxd2 Rxd2 22. Kxd2 Rd8+ 23. Kc1 Nd3+ 24. Bxd3 Rxd3 25. Rd1 {
Weber,B-Roeberg,F/Hessenliga 1993/GER 03/1/2-1/2 (43)}) (10... Rb8 11. Nf3 Bb7
12. Bd2 c5 13. Ng5 Qg6 14. Qe3 Be7 15. h4 h6 16. Bd3 Qh5 17. Be2 Qg6 18. Bd3
18... Qh5 {1/2-1/2 Schmittdiel,E-Lobron,E/BL9495 1995/BL 90 (18)}) 11. Nf3 {
Weiss haelt das Heft fest in der Hand} 11... Bb4+ $14 (11... O-O $5 $11) 12.
Bd2 Bxd2+ 13. Qxd2 13... f6 {Befestigt g5} 14. Bd3 fxe5 15. O-O d6 (15... Bb7
16. Ng5 Qe7 17. a4 $16) 16. Ng5 Qh6 17. f4 Be6 18. fxe5 dxe5 (18... O-O-O 19.
Rad1 Kb8 20. exd6 cxd6 21. Rfe1 $18) 19. Be4 $16 (19. Rad1 $5 19... Bg4 20. Nf7
Qxd2 21. Rxd2 O-O 22. Nxe5 Rxf1+ 23. Bxf1 Be6 24. Nxc6 24... g6 $18) 19... Bg4
$2 $18 (19... Nd7 $16 $142) 20. Rae1 $1 {ist die Ueberraschung!} 20... Nd7 21.
h3 Be6 (21... Bh5 22. g4 Bxg4 23. hxg4 $18) 22. Bxc6 O-O-O 23. Qb4 $1 {
ganz unerschrocken. Mit der Mattdrohung Qb7} 23... Nb6 24. Qb5 {
Mit der Mattdrohung Qa6} 24... Kb8 25. Rxe5 $1 {Boing!.} 25... Bg8 26. Qc5 a6 (
26... Rc8 $18 {bot noch bessere Widerstandsmoeglichkeiten}) 27. Re7 $1 {
die Pointe} 27... Rc8 (27... Nc8 28. Nf7 Qd2 29. Nxd8 Nxe7 30. Qxe7 Qd4+ 31.
Kh1 Bxc4 32. bxc4 Qb6 33. c5 Qb5 34. Bxb5 Re8 35. Nc6+ Kb7 36. Qxc7+ Kxc7 37.
Rf7+ Re7 38. Rxe7+ Kc8 39. Bxa6#) 28. Nf7 Bxf7 29. Rfxf7 {Es droht Matt} 29...
Qc1+ 30. Kh2 Nd5 31. Bxd5 Qh6 32. Qb4+ Qb6 33. Qxb6+ cxb6 34. Rb7+ Ka8 35.
Rxb6+ 35... Rc6 $5 36. Bxc6# 1-0